Score 0/20 Timer 05:00
0 Plays Today
Stations A and B Answer % Correct
Wimbledon or Wimbledon Park???
88.6%
Upminster or Upminster Bridge???
86.6%
North Wembley or Wembley Central???
84.6%
Ealing Broadway or Ealing Common???
84.6%
Tooting Bec or Tooting Broadway???
79.7%
Northwood or Northwood Hills???
79.3%
Woodford or South Woodford???
78.9%
Kilburn or Kilburn Park???
76.8%
Kenton or South Kenton???
72.8%
Heathrow Terminal 4 or Heathrow Terminal 5???
67.1%
Stations A and B Answer % Correct
East Finchley or West Finchley???
65.4%
Hampstead or West Hampstead???
65%
East Acton or West Acton???
62.6%
Hounslow East or Hounslow West???
53.7%
North Harrow or South Harrow???
52%
Dagenham East or Dagenham Heathway???
45.1%
Sudbury Hill or Sudbury Town???
37.4%
East Ham or West Ham???
35.4%
Clapham North or Clapham South???
33.3%
East Putney or Putney Bridge???
30.9%
Remove Ads.
Support Sporcle.
Get the best of Sporcle when you Go Orange. This ad-free experience offers more features, more stats, and more fun while also helping to support Sporcle. Thank you for becoming a member.

You're not logged in!

Compare scores with friends on all Sporcle quizzes.
OR
Log In

Show Comments

Extras

Top Quizzes Today


Score Distribution

Your Account Isn't Verified!

In order to create a playlist on Sporcle, you need to verify the email address you used during registration. Go to your Sporcle Settings to finish the process.

Report this User

Report this user for behavior that violates our Community Guidelines.

Details: